LEADER 01167nam a2200253 u 4500 001 000000055391 003 CaOOAMICUS 005 20070226115759.0 008 010126s1967 it u000 u ita u 035 $a10866431 040 $aPUL(R)$bita 100 1 $aToscani, Xenio,$d1941-$0(OLS)http://pul/name/21597 245 10$aIndicazioni sul clero bergamasco, sulla sua estrazione sociale e su talune condizioni pastorali nel sec. XIX /$cXenio Toscani. 260 $aRoma :$bHerder,$c1967. 300 $aP. [411]-453 ;$c25 cm 500 $a"Estratto da: Rivista di storia della Chiesa, Anno XXI, n.2, luglio-dicembre 1967". 504 $aBibliografia in nota. 651 4$aBergamo$xStoria ecclesiastica.$0(OLS)http://pul/subject/10865 850 $aPUL 852 $aPUL$W1$xDP1 Fondo Maccarrone$y58$m1527 C 34$j72839$nBK-PRI$b $qFondi$B72839$CPULBib$Z2$F72839 $H $81 941 1 $a1 961 $aINV: F. Maccarrone 996 $6245$aIndicazioni sul clero bergamasco, sulla sua estrazione sociale e su talune condizioni pastorali nel sec. XIX$9(OLS)http://pul/title/74178 996 $6260$aRoma :$bHerder$9(OLS)http://pul/publisher/47913 LEADER 02535nam a2200337 a 4500 001 000000129351 003 CaOOAMICUS 005 20150916130118.0 008 120620s2011 vc af u000 u eng r 020 $a978-88-209-8686-5 040 $aPUL$bita 041 0 $aeng$afre 082 04$a261.8 110 2 $aPontifical Council for Justice and Peace.$bProceedings of the Pan-African conference$c(Accra, Ghana :$d2010).$0(OLS)http://pul/name/82806 245 14$aThe social doctrine of the Church, leaven for integral development :$bproceedings of the Pan-African conference on Caritas in veritate, Accra, Ghana, 26-29 September 2010 = La doctrine sociale de l'église, ferment du développement intégral : actes de la conférence panafricaine sur Caritas in veritate, Accra, Ghana, 26-29 Septembre 2010 /$cPontifical Council for justice and peace, Conseil pontifical "justice et paix". 246 31$aLa doctrine sociale de l'église, ferment du développement intégral : actes de la conférence panafricaine sur Caritas in veritate, Accra, Ghana, 26-29 Septembre 2010 260 $aCittŕ del Vaticano :$bLibreria editrice vaticana,$c©2011. 300 $a307 p., [12] c. di tav. :$bill. ;$c21 cm 546 $aInterventi in inglese e francese. 610 24$aPapi (2005-2013 : Benedictus XVI)$tCaritas in veritate.$0(OLS)http://pul/subject/38365 650 4$aChiesa$xDottrina sociale.$0(OLS)http://pul/subject/7162 710 2 $aConseil pontifical "justice et paix".$0(OLS)http://pul/name/82807 850 $aPUL 852 $aPUL$W1$xSL Religione 3$y85$m261. 8 PCFJP 1$j149792$qDDC 21$B148318$CPULBib$Z2$F148318 $H119861 $82 941 1 $a9 996 $6020$a978-88-209-8686-5$9(OLS)http://pul/number/150047 996 $6082$a261.8$9(OLS)http://pul/classification/367 996 $6246$aLa doctrine sociale de l'église, ferment du développement intégral : actes de la conférence panafricaine sur Caritas in veritate, Accra, Ghana, 26-29 Septembre 2010$9(OLS)http://pul/title/163449 996 $6245$aThe social doctrine of the Church, leaven for integral development :$bproceedings of the Pan-African conference on Caritas in veritate, Accra, Ghana, 26-29 September 2010 = La doctrine sociale de l'église, ferment du développement intégral : actes de la conférence panafricaine sur Caritas in veritate, Accra, Ghana, 26-29 Septembre 2010$9(OLS)http://pul/title/163448 996 $6260$aCittŕ del Vaticano :$bLibreria editrice vaticana$9(OLS)http://pul/publisher/47920